00380nam a2200145Ia 4500008004100000020001500041041001200056082001100068100001900079245007100098260002500169300000800194650000800202700002400210221030s9999 xx 000 0 und d a0070648182 aEnglish a105.23 aS. Salivahanan 0aLinear Integrated Circuitscby S. Salivahanan, V. S. K. Bhaaskaran bTMHaNew Delhic2009 a662 aECE aV. S. K. Bhaaskaran